000 00943nam a22002897a 4500
003 CHAP
005 20220329140705.0
008 971013s1949 r 00010 d
010 _a56107
011 _a57079
035 _a61232
040 _cCHAP
100 0 0 _aZapata Tosca, VĂ­ctor Manuel.
_9123657
245 _aForage yield and protein content of lowcrown and erect types of alfalfa under frequent clipping treatment
260 _aAmes :
_bThe author,
_c1949
300 _a48 p.
_b: ilus.
500 _aThesis (Master of Science) -- Iowa State College
590 _aBATCH-UPD
_b10
_c20130110
_lUCH01
_h0556
590 _aBATCH-UPD
_b10
_c20130410
_lUCH01
_h0237
590 _aBATCH-UPD
_b10
_c20130914
_lUCH01
_h0251
590 _aCONVERSION
_b10
_c20130109
_lUCH01
_h1330
650 1 4 _aAlfalfa como forraje.
_93899
650 1 4 _aAlfalfa
_xProteinas.
_93884
901 _aBK
942 _cTESIS
949 _bBC
_cTES
_d-131600
_eTS1
_i61232
_si
999 _c56107
_d56107